000 00887cam a2200313 i 4500
001 0000497
003 DO-SdBNP
005 20241017101104.0
007 0000497
008 100514s1987 sp | 000 f spa
015 _a
017 _a
_b
020 _a8476349475
035 _a
040 _aBPMSU
_bspa
_cBPMSU
_e
080 _a
082 4 _a843.8
_bV531j 1987
_222
100 1 _aVerne, Julio,
_d1828-1905
245 1 0 _aJulio Verne :
_bRobur el conquistador /
_cJulio Verne ; traducción editora Molino
_h
260 _aBarcelona:
_bEdiciones Orbis,
_c1987.
300 _a222 p.:
_bil. ;
_c20 cm
490 0 _aJulio Verne,
_v29
534 _pTítulo original:
_t Robur le conquérant.
590 _aInventariado, 2024/VM
650 4 _aNovela juvenil francesa
650 4 _aLiteratura juvenil francesa
910 _aVMateo V. Control de calidad BPMSU
942 _2ddc
_cBK
999 _c10738
_d10738